Movie crazy: fans stars, and the cult of celebrity (Record no. 60823)

MARC details
000 -LEADER
fixed length control field 00261nam a2200097Ia 4500
008 - FIXED-LENGTH DATA ELEMENTS--GENERAL INFORMATION
fixed length control field 240321s9999 xx 000 0 und d
082 ## - DEWEY DECIMAL CLASSIFICATION NUMBER
Classification number 791.43
Item number BAR
100 ## - MAIN ENTRY--PERSONAL NAME
Author Name Barbas, Samantha
245 #0 - TITLE STATEMENT
Title Movie crazy: fans stars, and the cult of celebrity
260 ## - PUBLICATION, DISTRIBUTION, ETC.
Name of publisher, distributor, etc. Palgrave
999 ## -
-- 60823
-- 60823
Holdings
Withdrawn status Weedout from Library Permanent Location Current Location Shelving location Date acquired Cost, normal purchase price Full call number Barcode Price effective from Koha item type
    NATIONAL COLLEGE OF ARTS, RAWALPINDI CAMPUS - LIBRARY NATIONAL COLLEGE OF ARTS, RAWALPINDI CAMPUS - LIBRARY   21/03/2024 2100.00 791.43 BAR RP004029 21/03/2024 Book